Потребление основного сырья и топливно-энергетических ресурсов в нефтяном эквиваленте для производства синтетических волокон (Запись № 7097226)

Подробности
000 -МАРКЕР
контрольное поле 01453nam0a22002891 4500
001 - ИДЕНТИФИКАТОР ЗАПИСИ
контрольное поле rc\803862
005 - ИДЕНТИФИКАТОР ВЕРСИИ
контрольное поле 20041129090848.3
035 ## - ДРУГИЕ СИСТЕМНЫЕ НОМЕРА
Идентификатор записи (NLR Aleph) 005987929
100 ## - ДАННЫЕ ОБЩЕЙ ОБРАБОТКИ
Данные общей обработки 20041129d1984 u |0rusy50 ca
101 0# - ЯЗЫК РЕСУРСА
Язык текста, звукозаписи и т.д. русский
102 ## - СТРАНА ПУБЛИКАЦИИ ИЛИ ПРОИЗВОДСТВА
Страна публикации Российская Федерация
105 ## - ПОЛЕ КОДИРОВАННЫХ ДАННЫХ: ТЕКСТОВЫЕ МАТЕРИАЛЫ, МОНОГРАФИЧЕСКИЕ
Кодированные данные о монографическом текстовом документе y |||||||||
200 1# - ЗАГЛАВИЕ И СВЕДЕНИЯ ОБ ОТВЕТСТВЕННОСТИ
Основное заглавие Потребление основного сырья и топливно-энергетических ресурсов в нефтяном эквиваленте для производства синтетических волокон
Первые сведения об ответственности [Сост. Г.М. Легостаева, А.А. Федоренков]
210 ## - ПУБЛИКАЦИЯ, РАСПРОСТРАНЕНИЕ И ДР.
Место издания, распространения и т.д. М.
Имя издателя, распространителя и т. д. НИИТЭхим
Дата издания, распространения и т.д. 1984
215 ## - ФИЗИЧЕСКАЯ ХАРАКТЕРИСТИКА
Специфическое обозначение материала и объем 24 с.
Размеры 20
225 1# - СЕРИЯ
Основное заглавие серии Химическая промышленность
Сведения, относящиеся к заглавию Обзор. информ.
Сведения об ответственности М-во хим. пром-сти, НИИ техн.-экон. исслед.
Наименование части Серия "Синтетические волокна"
300 ## - ОБЩИЕ ПРИМЕЧАНИЯ
Текст примечания Сост. указаны в вып. дан.
320 ## - ПРИМЕЧАНИЯ О НАЛИЧИИ В ДОКУМЕНТЕ БИБЛИОГРАФИИ / УКАЗАТЕЛЯ
Текст примечания Библиогр.: с. 23-24 (11 назв.)
700 #1 - ИМЯ ЛИЦА - ПЕРВИЧНАЯ ОТВЕТСТВЕННОСТЬ
Начальный элемент ввода Легостаев
Часть имени, кроме начального элемента ввода Г. М.
Расширение инициалов личного имени Галина Михайловна
701 #1 - ИМЯ ЛИЦА - АЛЬТЕРНАТИВНАЯ ОТВЕТСТВЕННОСТЬ
Начальный элемент ввода Федоренков
Часть имени, кроме начального элемента ввода А. А.
Расширение инициалов личного имени Анатолий Алексеевич
712 02 - НАИМЕНОВАНИЕ ОРГАНИЗАЦИИ - ВТОРИЧНАЯ ОТВЕТСТВЕННОСТЬ
Начальный элемент ввода НИИ техн.-экон. исследований М-ва хим. промышленности СССР
Идентификатор авторитетной/нормативной записи RU\NLR\AUTH\8813349
801 #0 - ИСТОЧНИК ЗАПИСИ
Страна Российская Федерация
Организация NLR
Правила каталогизации psbo
801 #1 - ИСТОЧНИК ЗАПИСИ
Страна Российская Федерация
Организация ELAR
Источник данных rusmarc
852 ## - МЕСТОНАХОЖДЕНИЕ И ШИФР ХРАНЕНИЯ
Идентификатор организации NLR
Шифр хранения (Call Number) 84-4/29580
942 ## - ДОПОЛНИТЕЛЬНЫЕ ЭЛЕМЕНТЫ ЗАПИСИ (АБИС)
Тип экземпляра АБИС Книга
980 ## - КОЛЛЕКЦИЯ
Название коллекции Национальная библиография
Экземпляры
Тип экземпляра Дата поступления Библиотека постоянного хранения Библиотека текущего хранения Место хранения Шифр хранения Штрих-код Статус экземпляра
Книга 26.10.2013 РНБ (Московский) РНБ (Московский) Русский книжный фонд: издания с 1957 года 84-4/29580 5987929-10